000 00680nam a2200181 i 4500
001 100779
003 ES-MaACL
005 20230906182742.0
007 t|
008 051005s1980 sp ||||1| cat d
100 1 _aMateu y Llopis, Felipe.
_979009
245 1 3 _aLa heráldica monetal del "Comes burgundie" en el escudo del "Rex hispaniarum" /
_cFelipe Mateu y Llopis.
260 _aBarcelona :
_bSocietat Catalana d'Estudis Numismáatics,
_c1980.
300 _a4 h. ;
_c29 cm.
500 _aEs tirada aparte del II Simposi Numismáatic de Barcelona.- Pág.- 63-69.
710 2 _aSocietat Catalana d'Estudis Numismáatics.
_9134922
852 _aES-MaACL
_j2118-F-29
_bR.101886
999 _c100779
_d100779